[Event "Wch Blitz"]
[Site "New York"]
[Date "2024.12.30"]
[Round "9"]
[White "Naroditsky, Daniel"]
[Black "Fressinet, Laurent"]
[Result "1-0"]
[WhiteElo "2619"]
[BlackElo "2588"]
[PlyCount "143"]
[EventDate "2024.12.30"]
[EventType "swiss (blitz)"]
[EventRounds "13"]
[EventCountry "USA"]
[SourceTitle "CB01_2025"]
[SourceDate "2025.01.01"]
[SourceVersion "1"]
[SourceVersionDate "2025.01.01"]
[SourceQuality "1"]

1. e4 e5 2. Nc3 Nf6 3. g3 Bc5 4. Bg2 0-0 5. Nf3 d6 6. d3 a5 7. 0-0 Nc6 8. Be3 Re8 9. h3 h6 10. d4 exd4 11. Nxd4 Ne5 12. b3 Bd7 13. a4 c6 14. f4 Ng6 15. Qd3 Bb4 16. Nde2 Qe7 17. Rad1 Rad8 18. Kh2 d5 19. e5 Nh7 20. Bb6 Ra8 21. Bf2 Ngf8 22. Nd4 f6 23. Rfe1 Qf7 24. Nf3 fxe5 25. Nxe5 Qf5 26. Qd2 Be6 27. Nd3 Nf6 28. Nxb4 axb4 29. Ne2 Qh5 30. Nd4 Bg4 31. Rc1 Ne4 32. Qe3 Ng5 33. fxg5 Rxe3 34. Bxe3 hxg5 35. Kg1 Bxh3 36. Bf3 Bg4 37. Bg2 Ng6 38. Bd2 Rf8 39. Bxb4 Rf7 40. Re8+ Kh7 41. Rce1 Bh3 42. R8e2 g4 43. Bh1 Qg5 44. Ne6 Qf5 45. Bd2 Kg8 46. Ng5 Rf8 47. Be3 Ne5 48. Bf4 Ng6 49. Bd2 Qf6 50. Ne6 Re8 51. b4 Qf5 52. Nd4 Rxe2 53. Nxf5 Rxd2 54. b5 Rxc2 55. a5 cxb5 56. Bxd5+ Kh7 57. Be4 Ra2 58. Ne7 Kh6 59. Nxg6 Rxa5 60. Ne5 Ra3 61. Nf7+ Kh5 62. Kf2 Ra2+ 63. Ke3 g5 64. Rd1 Ra3+ 65. Kf2 Ra2+ 66. Ke3 Ra3+ 67. Bd3 b4 68. Kd4 b3 69. Ke5 b2 70. Bb1 Ra1 71. Rd6 Ra5+ 72. Ke4 1-0